ՀՀ Գիտությունների ազգային ակադեմիայի հիմնարար գիտական գրադարան  =   Fundamental Scientific Library of NAS RA

Иглорефлексотерапия : (Record no. 356743)

MARC details
000 -LEADER
fixed length control field 00825nam a2200217 a 4500
001 - CONTROL NUMBER
control field 001107402
003 - CONTROL NUMBER IDENTIFIER
control field AM-YeHGA
005 - DATE AND TIME OF LATEST TRANSACTION
control field 20250617151719.0
008 - FIXED-LENGTH DATA ELEMENTS--GENERAL INFORMATION
fixed length control field 151021s1978 ru r 000 0 rus d
040 ## - CATALOGING SOURCE
Original cataloging agency AM-YeHGA
041 0# - LANGUAGE CODE
Language code of text/sound track or separate title rus
090 ## - LOCALLY ASSIGNED LC-TYPE CALL NUMBER (OCLC); LOCAL CALL NUMBER (RLIN)
-- 358563
100 1# - MAIN ENTRY--PERSONAL NAME
Personal name Вогралик, Вадим Габриэлевич
245 10 - TITLE STATEMENT
Title Иглорефлексотерапия :
Remainder of title (Пунктационная рефлексотерапия) /
Statement of responsibility, etc. В.Г. Вогралик.
260 ## - PUBLICATION, DISTRIBUTION, ETC.
Place of publication, distribution, etc. Горький :
Name of publisher, distributor, etc. Волго-Вят. кн. изд-во,
Date of publication, distribution, etc. 1978.
300 ## - PHYSICAL DESCRIPTION
Extent 295 с. :
Other physical details ил., 16 вкл. л. ил. ;
Dimensions 22 см.
504 ## - BIBLIOGRAPHY, ETC. NOTE
Bibliography, etc. note Библиогр.: с. 280-293
650 14 - SUBJECT ADDED ENTRY--TOPICAL TERM
Topical term or geographic name entry element Прочие лечебные средства
650 14 - SUBJECT ADDED ENTRY--TOPICAL TERM
Topical term or geographic name entry element Акупунктура
700 1# - ADDED ENTRY--PERSONAL NAME
Personal name Вогралик, Михаил Вадимович
Holdings
Withdrawn status Lost status Source of classification or shelving scheme Damaged status Not for loan Collection Home library Current library Date acquired Total checkouts Full call number Barcode Date last seen Price effective from Koha item type Public note
    Universal Decimal Classification     General Fundamental Scientific Library Fundamental Scientific Library 11/01/2017   PII/425190 FL0440561 11/01/2017 11/01/2017 Գրքեր / Books 30 Days Loan


ՀՀ ԳԱԱ հիմնարար գիտական գրադարան
ՀՀ,Երևան 0019
Մարշալ Բաղրամյան 24/6
հեռախոս:(374-10) 52-47-50
Հետադարձ կապ

All site content, except where otherwise noted, is licensed under a
Creative Commons License